<?xml version="1.0" encoding="UTF-8"?>
<record
    xmlns:xsi="http://www.w3.org/2001/XMLSchema-instance"
    xsi:schemaLocation="http://www.loc.gov/MARC21/slim http://www.loc.gov/standards/marcxml/schema/MARC21slim.xsd"
    xmlns="http://www.loc.gov/MARC21/slim">

  <leader>03032nam a2200433 a 4500</leader>
  <controlfield tag="001">00176</controlfield>
  <controlfield tag="003">DO-SdBNP</controlfield>
  <controlfield tag="005">20180320110108.0</controlfield>
  <controlfield tag="007">00176</controlfield>
  <controlfield tag="008">091118s2001   dr 2001        000 0 spa d</controlfield>
  <datafield tag="020" ind1=" " ind2=" ">
    <subfield code="a">9788482613642</subfield>
  </datafield>
  <datafield tag="040" ind1=" " ind2=" ">
    <subfield code="a">BPMSU</subfield>
    <subfield code="b">spa</subfield>
    <subfield code="c">BPMSU</subfield>
  </datafield>
  <datafield tag="092" ind1=" " ind2=" ">
    <subfield code="a">372.83  </subfield>
    <subfield code="b">L865s   3ro.   2001</subfield>
  </datafield>
  <datafield tag="100" ind1="1" ind2=" ">
    <subfield code="a">Lora, Quisqueya</subfield>
  </datafield>
  <datafield tag="245" ind1="1" ind2="0">
    <subfield code="a">Sociedad 3 ; educaci&#xF3;n media :</subfield>
    <subfield code="b">historia y geograf&#xED;a de la Rep&#xFA;blica Dominicana /</subfield>
    <subfield code="c">Quisqueya Lora, Marcos Morales, Ignacio Aybar ; direcci&#xF3;n editorial Obdulia Garc&#xED;a de Escobar ; editora Margarita Castro Catrain</subfield>
  </datafield>
  <datafield tag="260" ind1=" " ind2=" ">
    <subfield code="a">Santo Domingo :</subfield>
    <subfield code="b">Santillana,</subfield>
    <subfield code="c">2001.</subfield>
  </datafield>
  <datafield tag="300" ind1=" " ind2=" ">
    <subfield code="a">255 p. :</subfield>
    <subfield code="b">il., mapas., retrs. ;</subfield>
    <subfield code="c">28 cm.</subfield>
  </datafield>
  <datafield tag="490" ind1="1" ind2=" ">
    <subfield code="a">Umbral</subfield>
  </datafield>
  <datafield tag="500" ind1=" " ind2=" ">
    <subfield code="a">Sociedad 3. Tercero de bachillerato. 1er. curso / Segundo ciclo </subfield>
  </datafield>
  <datafield tag="505" ind1="0" ind2=" ">
    <subfield code="t">Unidad 1 --</subfield>
    <subfield code="t">Las &#xFA;ltimas fases del per&#xF3;do colonial --</subfield>
    <subfield code="t">Unidad 2  --</subfield>
    <subfield code="t">Reconquista de la Independencia Ef&#xED;mera --</subfield>
    <subfield code="t">Unidad 3  --</subfield>
    <subfield code="t">Independencia Nacional y primera Rep&#xFA;blica --</subfield>
    <subfield code="t">Unidad 4  --</subfield>
    <subfield code="t">Anexi&#xF3;n y guerra restauradora  --</subfield>
    <subfield code="t">Unidad 5  --</subfield>
    <subfield code="t">La Segunda Rep&#xFA;blica --</subfield>
    <subfield code="t">Unidad 6  --</subfield>
    <subfield code="t">El per&#xED;odo de los gobiernos azules --</subfield>
    <subfield code="t">Unidad 7  --</subfield>
    <subfield code="t">La intervenci&#xF3;n militar norteamericana  --</subfield>
    <subfield code="t">Unidad 8  --</subfield>
    <subfield code="t">La Tercera Rep&#xFA;blica  --</subfield>
    <subfield code="t">Unidad 9  --</subfield>
    <subfield code="t">Evoluci&#xF3;n econ&#xF3;mica y cambio social --</subfield>
    <subfield code="t">Unidad 10 --</subfield>
    <subfield code="t">La ciencia de la antropolog&#xED;a  --</subfield>
    <subfield code="t">Unidad 11 --</subfield>
    <subfield code="t">Localizaci&#xF3;n y tama&#xF1;o --</subfield>
    <subfield code="t">Unidad 12  --</subfield>
    <subfield code="t">Aspectos geol&#xF3;gicos  --</subfield>
    <subfield code="t">Unidad 13  --</subfield>
    <subfield code="t">El relieve  --</subfield>
    <subfield code="t">Unidad 14  --</subfield>
    <subfield code="t">Las aguas  --</subfield>
    <subfield code="t">Unidad 15  --</subfield>
    <subfield code="t">El clima  --</subfield>
    <subfield code="t">Unidad 16  --</subfield>
    <subfield code="t">Los suelos agrarios --</subfield>
    <subfield code="t">Unidad 17  --</subfield>
    <subfield code="t">Las &#xE1;reas protegidas.</subfield>
  </datafield>
  <datafield tag="505" ind1="0" ind2=" ">
    <subfield code="g">v. 2 :</subfield>
    <subfield code="t">Historia y geograf&#xED;a de Am&#xE9;rica --</subfield>
    <subfield code="t">Am&#xE9;rica precolombina y Europa en el siglo XV --</subfield>
    <subfield code="t">Descubrimiento y colonizaci&#xF3;n --</subfield>
    <subfield code="t">Las independencias americanas --</subfield>
    <subfield code="t">Am&#xE9;rica en el siglo XX --</subfield>
    <subfield code="t">Descubre tu continente... Am&#xE9;rica --</subfield>
    <subfield code="t">La poblaci&#xF3;n y el espacio organizado --</subfield>
  </datafield>
  <datafield tag="505" ind1="0" ind2=" ">
    <subfield code="g">v. 3 :</subfield>
    <subfield code="t">Historia y geograf&#xED;a de la Rep&#xFA;blica Dominicana --</subfield>
    <subfield code="t">La colonizaci&#xF3;n en la isla de Santo Domingo --</subfield>
    <subfield code="t">Emancipaci&#xF3;n y vida republicana --</subfield>
    <subfield code="t">La formaci&#xF3;n del estado moderno --</subfield>
    <subfield code="t">La primera mitad del siglo XX --</subfield>
    <subfield code="t">Descubre nuestro pa&#xED;s... --</subfield>
  </datafield>
  <datafield tag="505" ind1="0" ind2=" ">
    <subfield code="g">v. 4 :</subfield>
    <subfield code="t">La Rep&#xFA;blica Dominicana hoy --</subfield>
    <subfield code="t">Luchas democr&#xE1;ticas y procesos pol&#xED;ticos --</subfield>
    <subfield code="t">Pol&#xED;tica y sociedad a partir de 1965 --</subfield>
    <subfield code="t">El espacio econ&#xF3;mico y la poblaci&#xF3;n --</subfield>
    <subfield code="t">La Rep&#xFA;blica Dominicana y la globalizaci&#xF3;n --</subfield>
  </datafield>
  <datafield tag="650" ind1=" " ind2="4">
    <subfield code="a">CIENCIAS SOCIALES</subfield>
    <subfield code="x">ENSE&#xD1;ANZA B&#xC1;SICA</subfield>
  </datafield>
  <datafield tag="650" ind1=" " ind2="4">
    <subfield code="a">CIENCIAS SOCIALES</subfield>
    <subfield code="x">EDUCACI&#xD3;N PRIMARIA</subfield>
  </datafield>
  <datafield tag="650" ind1=" " ind2="4">
    <subfield code="a">CIENCIAS SOCIALES</subfield>
    <subfield code="x">LIBROS DE TEXTOS</subfield>
  </datafield>
  <datafield tag="650" ind1=" " ind2="4">
    <subfield code="a">CIENCIAS SOCIALES </subfield>
    <subfield code="x">ESTUDIOS Y EJERCICIOS</subfield>
  </datafield>
  <datafield tag="650" ind1=" " ind2="4">
    <subfield code="a">EDUCACI&#xD3;N PRIMARIA</subfield>
    <subfield code="z">REP&#xDA;BLICA DOMINICANA</subfield>
  </datafield>
  <datafield tag="700" ind1="1" ind2="2">
    <subfield code="a">Morales, Marcos</subfield>
  </datafield>
  <datafield tag="700" ind1="1" ind2="2">
    <subfield code="a">Aybar, Ignacio</subfield>
  </datafield>
  <datafield tag="700" ind1="1" ind2="2">
    <subfield code="a">Garc&#xED;a Escobar, Obdulia,</subfield>
    <subfield code="e">ed.</subfield>
  </datafield>
  <datafield tag="700" ind1="1" ind2=" ">
    <subfield code="a">Castro Catrain, Margarita,</subfield>
    <subfield code="e">ed.</subfield>
  </datafield>
  <datafield tag="830" ind1=" " ind2="0">
    <subfield code="a">Umbral</subfield>
  </datafield>
  <datafield tag="910" ind1=" " ind2=" ">
    <subfield code="a">Validado. Control de calidad MFF</subfield>
  </datafield>
  <datafield tag="942" ind1=" " ind2=" ">
    <subfield code="2">ddc</subfield>
    <subfield code="c">BK</subfield>
  </datafield>
  <datafield tag="945" ind1=" " ind2=" ">
    <subfield code="a">inventariado, 2018 / dg</subfield>
  </datafield>
  <datafield tag="952" ind1=" " ind2=" ">
    <subfield code="0">0</subfield>
    <subfield code="1">0</subfield>
    <subfield code="2">ddc</subfield>
    <subfield code="4">0</subfield>
    <subfield code="7">0</subfield>
    <subfield code="8">CE</subfield>
    <subfield code="a">BPMET</subfield>
    <subfield code="b">BPMET</subfield>
    <subfield code="d">2016-04-11</subfield>
    <subfield code="e">Donaci&#xF3;n</subfield>
    <subfield code="l">0</subfield>
    <subfield code="o">372.83   L865s   3ro.  2001</subfield>
    <subfield code="p">BPMSU16040319</subfield>
    <subfield code="r">2016-04-11</subfield>
    <subfield code="w">2016-04-11</subfield>
    <subfield code="y">BK</subfield>
  </datafield>
  <datafield tag="952" ind1=" " ind2=" ">
    <subfield code="0">0</subfield>
    <subfield code="1">0</subfield>
    <subfield code="2">ddc</subfield>
    <subfield code="4">0</subfield>
    <subfield code="7">0</subfield>
    <subfield code="8">CE</subfield>
    <subfield code="a">BPMET</subfield>
    <subfield code="b">BPMET</subfield>
    <subfield code="d">2016-04-11</subfield>
    <subfield code="e">Donaci&#xF3;n</subfield>
    <subfield code="l">0</subfield>
    <subfield code="o">372.83   L865s   3ro.  2001</subfield>
    <subfield code="p">BPMSU16040320</subfield>
    <subfield code="r">2016-04-11</subfield>
    <subfield code="t">e. 2</subfield>
    <subfield code="w">2016-04-11</subfield>
    <subfield code="y">BK</subfield>
  </datafield>
  <datafield tag="956" ind1=" " ind2=" ">
    <subfield code="a">VMATEO</subfield>
    <subfield code="b">10</subfield>
    <subfield code="c">20150611</subfield>
    <subfield code="l">BPMSU</subfield>
    <subfield code="h">00151</subfield>
  </datafield>
  <datafield tag="956" ind1=" " ind2=" ">
    <subfield code="a">BTAV&#xC1;REZ</subfield>
    <subfield code="b">10</subfield>
    <subfield code="c">20160411</subfield>
    <subfield code="l">00176</subfield>
  </datafield>
  <datafield tag="999" ind1=" " ind2=" ">
    <subfield code="c">9673</subfield>
    <subfield code="d">9673</subfield>
  </datafield>
</record>
